00301nam a2200133Ia 45000030006000000080041000060400015000471000024000622450022000862500010001082600020001185460012001380050017001500STCL150530s9999 xx 000 0 und d aSTCLcSTCL aSwift; Budd; Editor aGullivers travels aFirst bMacmillanc1956 aEnglish20220125171133.0